Lletres
ISBN:
8495988380
Descripción Física:
47 p. : il. (algunes col.) ; 22 cm
Colección:
Fragments (Rosa Sensat) ; 2
MARC
| LEADER | 00000nam a2200000Ia 4500 | ||
|---|---|---|---|
| 001 | 24284 | ||
| 008 | 160829s9999 xx 000 0 cat d | ||
| 020 | |a 8495988380 | ||
| 080 | |a FU-64-122 | ||
| 100 | |a Sans, Soledat |9 50054 | ||
| 245 | |a Lletres | ||
| 260 | |a [Barcelona] : |b [Associació de Mestres Rosa Sensat], DL 2004 | ||
| 300 | |a 47 p. : |b il. (algunes col.) ; |c 22 cm | ||
| 490 | |a Fragments (Rosa Sensat) ; 2 | ||
| 590 | |a A la coberta: Taller de plàstica Carrau Blau | ||
| 650 | |a Carrau Blau |9 50055 | ||
| 650 | |a Expressió plàstica |x Ensenyament |9 50056 | ||
| 650 | |a Creativitat en els infants |9 50057 | ||
| 700 | |a Balada i Monclús, Marta |9 50058 | ||
| 700 | |a Carrau Blau |9 50055 | ||
| 710 | 2 | |a Rosa Sensat (Associació) |9 54183 | |
| 710 | 1 | |a Sant Just Desvern (Catalunya). |b Ajuntament |9 55488 | |
| 901 | |a Arxiu | ||
| 942 | |n 1 | ||
| 952 | |0 0 |1 0 |4 0 |6 FU64122 |7 1 |9 55787 |a Arxiu |b Arxiu |d 2016-12-01 |l 0 |o FU-64-122 |p 24284 |r 2016-12-01 00:00:00 |w 2016-12-01 |y ARXIU | ||
| 999 | |c 59660 |d 59660 | ||